00453nmm a2200157Ia 4500008004100000020001800041041000800059100002000067245002500087264008000112300001600192650001200208856005100220942000700271999001700278251105s9999||||xx |||||||||||||||||und|| a9788468767468 aspa aStephens, Susan 0aCaricias y diamantes a[Madrid, España] :bHarlequin, c[Fecha de publicación no identificada] a0 páginas aRomance uhttps://public.digitaliapublishing.com/a/94346 cCF c84363d84363